| 000 | 01234cam a2200301 a 4500 | ||
|---|---|---|---|
| 999 |
_c219461 _d219461 |
||
| 001 | 2941082 | ||
| 003 | Nust | ||
| 005 | 20170209192928.0 | ||
| 008 | 900126s1990 nyua 000 1 eng | ||
| 010 | _a 90000117 | ||
| 020 |
_a9780340831335 _c$17.95 ($21.95 Can.) |
||
| 040 |
_aDLC _cDLC _dDLC |
||
| 050 | 0 | 0 |
_aPS3557.E478 _bW4 1990 |
| 082 | 0 | 0 |
_a813.54 _bGEO |
| 100 | 1 |
_aGeorge, Elizabeth, _d1949- |
|
| 245 | 1 | 0 |
_aWell-schooled in murder / _cElizabeth George. |
| 260 |
_aNew York : _bBantam Books, _c1990. |
||
| 300 |
_a462 p. : _bill. ; _c24 cm. |
||
| 600 | 1 | 0 |
_aLynley, Thomas _vFiction. |
| 650 | 0 |
_aHavers, Barbara (Fictitious character) _vFiction. |
|
| 650 | 0 |
_aPolice _zGreat Britain _vFiction. |
|
| 655 | 7 |
_aDetective and mystery stories. _2gsafd |
|
| 856 | 4 | 2 |
_3Publisher description _uhttp://www.loc.gov/catdir/description/random0410/90000117.html |
| 856 | 4 | 2 |
_3Contributor biographical information _uhttp://www.loc.gov/catdir/enhancements/fy0707/90000117-b.html |
| 856 | 4 | 1 |
_3Sample text _uhttp://www.loc.gov/catdir/enhancements/fy0714/90000117-s.html |
| 906 |
_a7 _bcbc _corignew _d1 _eocip _f19 _gy-gencatlg |
||
| 942 |
_2ddc _cBK |
||